Footballers by Emojis - Statistics

General Stats
  • This quiz has been taken 1,725 times
  • The average score is 4 of 10
Answer Stats
Emojis Player Explanation % Correct
F🔴 Fred (F-Red)
88%
N🥅🅾️ | 🚫E N’Golo Kante (N-Goal-O | Can't-E)
57%
🦁😈 | 🙋🏻‍♂️🌊 Lionel Messi (Lion-Hell Me-Sea)
45%
⛴️🌐 | 🍚 Declan Rice (Deck-LAN | Rice)
44%
🦶🦵| 🛳️ Toni Kroos (Toe-Knee | Cruise)
37%
🔑🏃 | ☕️ 🦵 Kieran Tierney (Key-Ran | Tea-Knee)
35%
📕🅰️🪀 | 💼 🅰️ Bukayo Saka (Book-A-Yo/Yo | Sack-A)
34%
👼 | ✝️ Gabriel Jesus Gabriel | Jesus
30%
🐜🦶🦵 | 🥋 Anthony Martial (Ant-Toe-Knee | Martial)
28%
🐇Y | 🦯 Harry Kane (Hare-E | Cane)
22%
No matching quizzes found
Score Distribution
Percent of People with Each Score
Percentile by Number Answered
Your Score History
You have not taken this quiz